000
00356nam a2200157Ia 4500
008
200601s9999 xx 000 0 und d
020
_a
0-440-48483-9
050
_a
FIC AI2t
050
_b
1967
100
_a
Alexander, Lloyd
245
0
_a
Taran Wonderer /
260
_a
New York :
260
_b
Del Books.
260
_c
1967
300
_a
272 pages :
999
_c
363460
_d
363460